000 00995nam a2200229 i 4500
003 IT-RoINE
005 20190109090752.0
008 031005s1981 sp 000 | spa d
040 _aPUG
_dIT-RoINE
245 0 0 _aEscritos de Biblia y Oriente :
_bmiscelánea conmemorativa del 25° aniversario del Instituto Espanol Bíblico y Arqueológico (Casa de Santiago) de Jerusalén /
_cEdición preparada por Rafael Aguirre y Félix García López.
260 _aSalamanca :
_bUniversidad Pontificia ;
_aJerusalén :
_bInstituto Espanol Bíblico y Arqueológico,
_c1981.
300 _a412 p. ;
_c24 cm.
336 _2rdacontent
_atext
337 _2rdamedia
_aunmediated
338 _2rdacarrier
_avolume
490 1 _aBibliotheca Salmanticensis.
_aEstudios ;
_v38
630 4 _9677
_aBiblia
_xCrítica, interpretación, etc.
700 1 _aGarcía López, Félix
_93084
700 1 _aAguirre Franco, Rafael,
_d1937-
_925224
830 0 _aBibliotheca Salmanticensis.
_pEstudios ;
_93087
_v38
942 _cMTS
999 _c12371
_d12371